| 000 | 00839nam a22001577a 4500 | ||
|---|---|---|---|
| 003 | OSt | ||
| 005 | 20160705103612.0 | ||
| 008 | 160705b xxu||||| |||| 00| 0 eng d | ||
| 040 | _cRUA | ||
| 082 | _aLMA THO 2015 B498 Or.1 | ||
| 100 |
_98702 _aTHON PANHAVATEY; ថោន បញ្ញាវត្តី |
||
| 245 | _aThe dissemination procedure of systematic land registration process in sangkat kouk chak, krang siem reap, siem reap province; ការផ្សព្វផ្សាយពីនីតិវិធីនៃការចុះបញ្ជីដីធ្លីមានលក្ខណៈជាប្រព័ន្ធក្នុងសង្កាត់គោកចក ក្រុងសៀមរាប ខេត្តសៀមរាប | ||
| 260 |
_aPhnom Penh _bRUA _c2015 |
||
| 300 |
_axi;56p. _bill. _c29cm. |
||
| 942 |
_2ddc _cLMA |
||
| 999 |
_c8346 _d8346 |
||